Prénoms masculins les plus populaires en A - Statistiques

Statistiques générales
  • Ce quiz a été pris 531 fois
    396 depuis la dernière actualisation
  • Le résultat moyen est 19 sur 42
Statistiques - réponses
Hint Réponse % Correct
Al Alex
83%
Ax Axel
81%
Al Alexandre
78%
An Antoine
78%
Ad Adrian
70%
Ad Adrien
70%
Ar Arthur
70%
Ar Arnaud
68%
Al Alain
66%
Ar Armand
64%
Aa Aaron
63%
Al Alexis
63%
Al Ali
59%
An Anthony
58%
Al Albert
57%
Au Aurélien
56%
An André
51%
Ad Adam
43%
Ah Ahmed
42%
Ai Aimé
42%
An Antonin
42%
Au Auguste
41%
Al Alban
40%
Am Amaury
40%
Au Augustin
40%
Ab Abdel
39%
Al Alan
39%
Al Alphonse
37%
Al Alfred
36%
Ac Achille
35%
Ay Aymeric
35%
Am Ambroise
32%
An Anatole
29%
An Ange
27%
Au Aubin
27%
Am Amir
26%
Am Amine
23%
Ar Arsène
23%
Ar Aristide
22%
Al Alix
21%
Au Aurèle
17%
Al Alessandro
12%
Aucun quiz correspondant
Distribution des résultats
% des personnes avec chaque résultat
Percentile par nombre de réponses
Votre historique - résultats
Vous n’avez pas pris ce quiz depuis la dernière actualisation